Online katalóg knižníc regiónu Turca

Všetko čo potrebuješ vedieť o dinosauroch (Record no. 21958)

MARC details
000 -LEADER
fixed length control field 02054cam a2200541 a 4500
001 - CONTROL NUMBER
control field 21958
003 - CONTROL NUMBER IDENTIFIER
control field VRT
005 - DATE AND TIME OF LATEST TRANSACTION
control field 20260316114556.0
008 - FIXED-LENGTH DATA ELEMENTS--GENERAL INFORMATION
fixed length control field 240314s2012 xo a d e 001 0 slo
015 ## - NATIONAL BIBLIOGRAPHY NUMBER
National bibliography number SNBA2013/06
020 ## - INTERNATIONAL STANDARD BOOK NUMBER
International Standard Book Number 9788081075445
Qualifying information (viaz.)
035 ## - SYSTEM CONTROL NUMBER
System control number 2231B2E6-B626-46F3-A5DD-12CF82625650
035 ## - SYSTEM CONTROL NUMBER
System control number urn:nbn:sk:snk-amkxbb
035 ## - SYSTEM CONTROL NUMBER
System control number urn:nbn:sk:snk-am008287
039 #9 - LEVEL OF BIBLIOGRAPHIC CONTROL AND CODING DETAIL [OBSOLETE]
Level of rules in bibliographic description 202403141421
Level of effort used to assign nonsubject heading access points VLOAD
Level of effort used to assign subject headings 202112271220
Level of effort used to assign classification AUTHORITY
Level of effort used to assign subject headings 202112271155
Level of effort used to assign classification AUTHORITY
Level of effort used to assign subject headings 202112271143
Level of effort used to assign classification AUTHORITY
040 ## - CATALOGING SOURCE
Original cataloging agency SVKBB
Language of cataloging slo
Transcribing agency SVKBB
Modifying agency SNK
Description conventions AACR2
041 1# - LANGUAGE CODE
Language code of text/sound track or separate title slo
Language code of original eng
044 ## - COUNTRY OF PUBLISHING/PRODUCING ENTITY CODE
MARC country code xo
ISO country code SK
072 #7 - SUBJECT CATEGORY CODE
Subject category code 56
Subject category code subdivision Paleontológia
Source konspekt
072 #7 - SUBJECT CATEGORY CODE
Subject category code 0/9-053.2
Subject category code subdivision Literatúra pre deti a mládež (náučná)
Source konspekt
080 ## - UNIVERSAL DECIMAL CLASSIFICATION NUMBER
Universal Decimal Classification number 568.19
Edition identifier 2001
080 ## - UNIVERSAL DECIMAL CLASSIFICATION NUMBER
Universal Decimal Classification number (084.11)
Edition identifier 2001
080 ## - UNIVERSAL DECIMAL CLASSIFICATION NUMBER
Universal Decimal Classification number (0.053.2)
Edition identifier 2001
080 ## - UNIVERSAL DECIMAL CLASSIFICATION NUMBER
Universal Decimal Classification number (0.053.6)
Edition identifier 2001
100 1# - MAIN ENTRY--PERSONAL NAME
Personal name Dixon, Dougal,
Dates associated with a name 1947-
Relationship aut
240 10 - UNIFORM TITLE
Uniform title Everything You Need to Know - Dinosaurs
Language of a work Slovensky
245 10 - TITLE STATEMENT
Title Všetko čo potrebuješ vedieť o dinosauroch
Remainder of title [encyklopédia pre zvedavé deti]
Statement of responsibility, etc. Dougal Dixon, Margaret Hynes ; [preklad z anglického vydania Branislav Zorkócy]
250 ## - EDITION STATEMENT
Edition statement 1. slov. vyd.
260 ## - PUBLICATION, DISTRIBUTION, ETC.
Place of publication, distribution, etc. Bratislava
Name of publisher, distributor, etc. Svojtka & Co.
Date of publication, distribution, etc. 2012
300 ## - PHYSICAL DESCRIPTION
Extent 160 s.
Other physical details fareb. ilustr.
Dimensions 28 cm
500 ## - GENERAL NOTE
General note Názvy dinosaurov
504 ## - BIBLIOGRAPHY, ETC. NOTE
Bibliography, etc. note Reg.
650 07 - SUBJECT ADDED ENTRY--TOPICAL TERM
Topical term or geographic name entry element dinosaury
Source of heading or term SNKPH
650 07 - SUBJECT ADDED ENTRY--TOPICAL TERM
Topical term or geographic name entry element Dinosaurs
Source of heading or term SNKPHeng
655 #7 - INDEX TERM--GENRE/FORM
Genre/form data or focus term obrazové publikácie
Source of term SNKPH
655 #7 - INDEX TERM--GENRE/FORM
Genre/form data or focus term publikácie pre deti a mládež
Source of term SNKPH
655 #7 - INDEX TERM--GENRE/FORM
Genre/form data or focus term Pictorial works
Source of term SNKPHeng
700 1# - ADDED ENTRY--PERSONAL NAME
Personal name Hynes, Margaret
Relationship aut
700 1# - ADDED ENTRY--PERSONAL NAME
Personal name Zorkócy, Branislav
Relationship trl
942 ## - ADDED ENTRY ELEMENTS (KOHA)
Source of classification or shelving scheme Dewey Decimal Classification
Koha item type Odborná literatúra pre deti
Suppress in OPAC No
949 ## - LOCAL PROCESSING INFORMATION (OCLC)
6 3869A11572
a bpksh568.19(084.11)
b bpksh64944
949 ## - LOCAL PROCESSING INFORMATION (OCLC)
6 270001000414678
a svkbbC 57717
b svkbbm 735942
949 ## - LOCAL PROCESSING INFORMATION (OCLC)
6 17A1069230
a snkSB 85087
b snk2013/13172
o 1145/13
s 6100:20140925
949 ## - LOCAL PROCESSING INFORMATION (OCLC)
6 17A1069231
a snkSB 85087 D1
b snk2013/13173
o 1145/13
949 ## - LOCAL PROCESSING INFORMATION (OCLC)
6 273K0569777
a svkpoC 54267
b svkpo571854
949 ## - LOCAL PROCESSING INFORMATION (OCLC)
6 2889201649
a savukPV 18010
b savuk2013/2484
Holdings
Stav vyradenia Strata Poškodenie Spôsob nadobudnutia Domovská knižnica Aktuálna knižnica Dátum nadobudnutia Total checkouts Čiarový kód exemplára Date last seen Typ exemplára
      Dar Obecná knižnica Turčianska Štiavnička Obecná knižnica Turčianska Štiavnička 16.03.2026   4738000401 16.03.2026 Odborná literatúra pre deti
Projekt je podporený Slovenskou asociáciou knižníc
Prevádzkuje Turčianska knižnica Martin 2026